| 000 | 00448nam a2200181 a 4500 | ||
|---|---|---|---|
| 001 | 4873 | ||
| 003 | CO-ViMGA | ||
| 008 | 141112s2004 ck r 000 u spa d | ||
| 040 |
_aCO-ViMGA _bspa _cCO-ViMGA |
||
| 082 | 0 | 4 | _aR541.24 A765 |
| 245 | 1 | 0 | _aAtomo |
| 260 |
_aBarcelona : _bIdea Books, _c1996 |
||
| 300 | _a89 p : il | ||
| 490 | _aAtlas temático | ||
| 590 | _aDatos de inventario : 05300 | ||
| 650 | 1 | 4 |
_aATOMO - ATLAS _93057 |
| 942 |
_2ddc _cBK |
||
| 999 |
_c16879 _d16879 |
||